SKINNERS FESTIVAL (Record no. 11147)

MARC details
000 -LEADER
fixed length control field 00266nam a22000977a 4500
008 - FIXED-LENGTH DATA ELEMENTS--GENERAL INFORMATION
fixed length control field 180924b ||||| |||| 00| 0 eng d
020 ## - INTERNATIONAL STANDARD BOOK NUMBER
International Standard Book Number 9780755320127
100 ## - MAIN ENTRY--PERSONAL NAME
Personal name JARDINE, QUINTIN
9 (RLIN) 6910
245 ## - TITLE STATEMENT
Title SKINNERS FESTIVAL
260 ## - PUBLICATION, DISTRIBUTION, ETC. (IMPRINT)
Place of publication, distribution, etc. LONDON
Name of publisher, distributor, etc. HEADLINE BOOK PUBLISHING
Date of publication, distribution, etc. 1994
Holdings
Withdrawn status Lost status Source of classification or shelving scheme Damaged status Koha normalized classification for sorting Not for loan Home library Current library Shelving location Date acquired Total Checkouts Full call number Barcode Date last seen Date last checked out Price effective from Koha item type
    Dewey Decimal Classification   JAR_823_000000000000000_M10   Good Samaritan School Library Good Samaritan School Library FICTION 09/24/2018 4 JAR823 M-10 JAR15112 12/17/2025 12/09/2025 09/24/2018 BOOK

Powered by Koha